The optical model in nuclear and particle physics / (Record no. 9839)
[ view plain ]
| 000 -LEADER | |
|---|---|
| fixed length control field | 00857nam a2200253 a 4500 |
| 001 - CONTROL NUMBER | |
| control field | 9839 |
| 003 - CONTROL NUMBER IDENTIFIER | |
| rucl marc code | BD-RjUL |
| 005 - DATE AND TIME OF LATEST TRANSACTION | |
| control field | 20211208234840.0 |
| 008 - FIXED-LENGTH DATA ELEMENTS--GENERAL INFORMATION | |
| fixed length control field | 140122s1963 nyu 00| 0 eng d |
| 035 ## - SYSTEM CONTROL NUMBER | |
| System control number | (BD-RjUL)9884 |
| 040 ## - CATALOGING SOURCE | |
| Original cataloging agency | BD-RjUL |
| Language of cataloging | eng |
| Transcribing agency | BD-RjUL |
| Modifying agency | BD-RjUL |
| 041 ## - LANGUAGE CODE | |
| Language code of text/sound track or separate title | eng |
| 082 ## - DEWEY DECIMAL CLASSIFICATION NUMBER | |
| Classification number | 539.721 |
| Author mark and year | JOO 1963 |
| 100 1# - MAIN ENTRY--PERSONAL NAME | |
| Personal name | Jones, P. B. |
| Fuller form of name | (Peter) |
| 9 (RLIN) | 30412 |
| 245 14 - TITLE STATEMENT | |
| Title | The optical model in nuclear and particle physics / |
| Statement of responsibility, etc. | P.B. Jones |
| 260 ## - PUBLICATION, DISTRIBUTION, ETC. (IMPRINT) | |
| Place of publication, distribution, etc. | New York ; |
| -- | London : |
| Name of publisher, distributor, etc. | Interscience Publishers, |
| Date of publication, distribution, etc. | 1963 |
| 300 ## - PHYSICAL DESCRIPTION | |
| Pagination | vii, 118p. : |
| Illustrations | ill. ; |
| Size | 21 cm |
| 490 1# - SERIES STATEMENT | |
| Series statement | Interscience tracts on physics and astronomy ; |
| Volume/sequential designation | no. 14 |
| 504 ## - BIBLIOGRAPHY, ETC. NOTE | |
| Bibliography, etc | Includes bibliographical references (p. 111-115) and index |
| 650 #0 - SUBJECT ADDED ENTRY--TOPICAL TERM | |
| Topical term or geographic name as entry element | Nuclear optical models |
| 9 (RLIN) | 30413 |
| 830 #0 - SERIES ADDED ENTRY--UNIFORM TITLE | |
| Volume number/sequential designation | no. 14 |
| Uniform title | Interscience tracts on physics and astronomy ; |
| 942 ## - ADDED ENTRY ELEMENTS (KOHA) | |
| Source of classification or shelving scheme | Dewey Decimal Classification |
| Koha item type | Books |
| Lost status | Source of classification or shelving scheme | Damaged status | Not for loan | Collection code | Permanent Location | Current Location | Shelving location | Date acquired | Source of acquisition | Cost, normal purchase price | Total Checkouts | Full call number | Date last seen | Copy number | Koha item type |
|---|---|---|---|---|---|---|---|---|---|---|---|---|---|---|---|
| Dewey Decimal Classification | Not For Loan | Non-fiction | Central Library, University of Rajshahi | Central Library, University of Rajshahi | Reading Room | 17/08/1967 | book review | 27.00 | 539.721 JOO 1963 | 22/01/2014 | C-1 | Books |